[Event "Mitropa Cup 26th"]
[Site "Szeged"]
[Date "2007.05.11"]
[Round "4"]
[White "Borisek, Jure"]
[Black "Ragger, Markus"]
[Result "0-1"]
[WhiteElo "2519"]
[BlackElo "2498"]
[PlyCount "70"]
[EventDate "2007.05.08"]
[EventType "team-tourn"]
[EventRounds "9"]
[EventCountry "HUN"]
[Source "ChessBase"]
[SourceDate "2007.07.04"]

1. e4 e5 2. Nf3 Nc6 3. Bb5 a6 4. Ba4 Nf6 5. O-O b5 6. Bb3 Bc5 7. a4 Rb8 8. c3
d6 9. d4 Bb6 10. a5 Ba7 11. h3 O-O 12. Be3 exd4 13. cxd4 Ne7 14. Nbd2 Ng6 15.
Bc2 Bb7 16. Bd3 Re8 17. Qc2 c5 18. d5 Ra8 19. b3 Bb8 20. Qb2 Bc8 21. Rfe1 h6
22. b4 c4 23. Bc2 Ba7 24. Ra3 Nh5 25. Kh2 Nhf4 26. Bxa7 Rxa7 27. Qd4 Rae7 28.
Rae3 Qd7 29. Ng1 Re5 30. Qb6 Rg5 31. g4 Rxg4 32. hxg4 Qxg4 33. Rg3 Qh5+ 34. Nh3
Bxh3 35. Qe3 Bg2+ 0-1

[Event "Mitropa Cup 26th"]
[Site "Szeged"]
[Date "2007.05.11"]
[Round "4"]
[White "Caruana, Fabiano"]
[Black "Pinter, Erik"]
[Result "1-0"]
[WhiteElo "2523"]
[BlackElo "2394"]
[PlyCount "135"]
[EventDate "2007.05.08"]
[EventType "team-tourn"]
[EventRounds "9"]
[EventCountry "HUN"]
[Source "ChessBase"]
[SourceDate "2007.07.04"]

1. e4 c5 2. Nf3 d6 3. d4 cxd4 4. Nxd4 Nf6 5. Nc3 g6 6. Be3 Bg7 7. f3 O-O 8. Qd2
Nc6 9. O-O-O d5 10. Kb1 Nxd4 11. e5 Nf5 12. exf6 Bxf6 13. Nxd5 Qxd5 14. Qxd5
Nxe3 15. Qd2 Nxd1 16. Qxd1 Be6 17. Bb5 Rfd8 18. Qe2 Rd4 19. Rd1 Rad8 20. Rxd4
Rxd4 21. a3 h5 22. Bd3 Kg7 23. g3 a5 24. f4 Bg4 25. Qf1 Bd7 26. f5 b6 27. fxg6
fxg6 28. Qf3 Rd6 29. Qb7 Be6 30. Qg2 Bd5 31. Qf1 Be6 32. Qg2 Bd5 33. Qf1 Be6
34. Qf4 Rd4 35. Qc7 Rd6 36. Qb8 Kf7 37. Qa8 Bd5 38. Qc8 Rc6 39. Qb8 Rd6 40. Qc7
Be5 41. Bc4 Bxc4 42. Qxc4+ Kf8 43. Qe2 Bd4 44. Ka2 Bf6 45. Kb3 Ke8 46. c4 Bd4
47. Ka4 Kd7 48. b4 axb4 49. axb4 Rf6 50. Qd3 Rd6 51. Kb5 Bg1 52. Qe4 Re6 53.
Qg2 Be3 54. Qd5+ Rd6 55. Qb7+ Ke8 56. Qa8+ Kd7 57. c5 bxc5 58. bxc5 Bxc5 59.
Kxc5 Ke6 60. Qf8 Kd7 61. Qg8 Rf6 62. Kd5 Rf5+ 63. Ke4 Rf6 64. Ke5 Rf5+ 65. Kd4
Rf6 66. Ke4 Kd6 67. Qd8+ Ke6 68. Qd5# 1-0

[Event "Mitropa Cup 26th"]
[Site "Szeged"]
[Date "2007.05.11"]
[Round "4"]
[White "Erdos, Viktor"]
[Black "Loetscher, Roland"]
[Result "0-1"]
[WhiteElo "2518"]
[BlackElo "2386"]
[PlyCount "82"]
[EventDate "2007.05.08"]
[EventType "team-tourn"]
[EventRounds "9"]
[EventCountry "HUN"]
[Source "ChessBase"]
[SourceDate "2007.07.04"]

1. d4 Nf6 2. c4 c5 3. d5 e6 4. Nc3 exd5 5. cxd5 d6 6. e4 g6 7. Bd3 Bg7 8. Nge2
O-O 9. O-O a6 10. a4 Re8 11. h3 Nbd7 12. Ng3 Qc7 13. f4 c4 14. Bc2 Rb8 15. Be3
b5 16. axb5 axb5 17. Ra7 Qd8 18. Qf3 b4 19. Na4 Bb7 20. Rc1 h5 21. Bf2 Ba8 22.
Bb1 Rc8 23. Nf1 Rc7 24. Ra6 Qc8 25. Rxd6 Bf8 26. Nb6 Nxb6 27. Rxb6 Nd7 28. Kh1
c3 29. Rb5 c2 30. Ba2 Qa6 31. d6 Bxd6 32. Qb3 Rf8 33. Rxh5 Bxf4 34. Be3 Bxe3
35. Nxe3 gxh5 36. Nf5 h4 37. Qe3 Qf6 38. Qf4 Ne5 39. Rf1 c1=Q 40. Rxc1 Rxc1+
41. Qxc1 Bxe4 0-1

[Event "Mitropa Cup 26th"]
[Site "Szeged"]
[Date "2007.05.11"]
[Round "4"]
[White "Martinovic, Sasa"]
[Black "Brener, Ilja"]
[Result "1/2-1/2"]
[WhiteElo "2400"]
[BlackElo "2413"]
[PlyCount "47"]
[EventDate "2007.05.08"]
[EventType "team-tourn"]
[EventRounds "9"]
[EventCountry "HUN"]
[Source "ChessBase"]
[SourceDate "2007.07.04"]

1. d4 Nf6 2. c4 e6 3. Nc3 Bb4 4. g3 c5 5. Nf3 cxd4 6. Nxd4 O-O 7. Bg2 d5 8. O-O
dxc4 9. Qa4 Na6 10. Ndb5 Qa5 11. Qxa5 Bxa5 12. Nd6 Bxc3 13. bxc3 Nd5 14. Nxc4
Nc5 15. Ba3 b6 16. Ne5 Rb8 17. Rac1 Re8 18. Rfd1 Ne7 19. Nc6 Nxc6 20. Bxc6 Rf8
21. Bf3 g6 22. Rd6 Bb7 23. Bxb7 Rxb7 24. Bxc5 1/2-1/2

[Event "Mitropa Cup 26th"]
[Site "Szeged"]
[Date "2007.05.11"]
[Round "4"]
[White "Mogranzini, Roberto"]
[Black "Smolen, Jan"]
[Result "1/2-1/2"]
[WhiteElo "2421"]
[BlackElo "2327"]
[PlyCount "84"]
[EventDate "2007.05.08"]
[EventType "team-tourn"]
[EventRounds "9"]
[EventCountry "HUN"]
[Source "ChessBase"]
[SourceDate "2007.07.04"]

1. e4 c6 2. d4 d5 3. e5 Bf5 4. c4 e6 5. Nc3 Nd7 6. a3 dxc4 7. Bxc4 Ne7 8. Nge2
Nb6 9. Bb3 Qd7 10. O-O Bg6 11. Ng3 Nf5 12. Nxf5 Bxf5 13. Be3 Bg6 14. Rc1 Be7
15. Qe2 O-O 16. Rfd1 Nd5 17. Bd2 Nxc3 18. Bxc3 Qc7 19. f4 h5 20. Kh1 Rad8 21.
h3 h4 22. Ba2 Qb6 23. Bc4 Rd7 24. Qd2 Qd8 25. Qe1 Bf5 26. Ba5 Qb8 27. Qe3 g6
28. Be1 Rfd8 29. Bb3 Kg7 30. Bf2 Rh8 31. Qf3 Qd8 32. Be3 Qb6 33. Rc3 Qa5 34.
Bc4 Qd8 35. Rcc1 a6 36. Bf2 Rh6 37. Be3 Rh8 38. Rd2 Qg8 39. Be2 Qd8 40. Rdd1
Qa5 41. Bc4 Qd8 42. Bf2 Rh6 1/2-1/2

[Event "Mitropa Cup 26th"]
[Site "Szeged"]
[Date "2007.05.11"]
[Round "4"]
[White "Naumann, Alexander"]
[Black "Saric, Ante"]
[Result "1/2-1/2"]
[WhiteElo "2543"]
[BlackElo "2496"]
[PlyCount "46"]
[EventDate "2007.05.08"]
[EventType "team-tourn"]
[EventRounds "9"]
[EventCountry "HUN"]
[Source "ChessBase"]
[SourceDate "2007.07.04"]

1. Nf3 Nf6 2. c4 c6 3. d4 d5 4. e3 e6 5. Bd3 Nbd7 6. O-O Bd6 7. Nbd2 O-O 8. e4
e5 9. cxd5 cxd5 10. exd5 exd4 11. Ne4 Nxe4 12. Bxe4 Nc5 13. Qxd4 Nxe4 14. Qxe4
Re8 15. Qd4 Bf5 16. Bg5 f6 17. Be3 Re4 18. Qd2 Qe8 19. Nd4 Qe5 20. f4 Qxd5 21.
Nxf5 Qxf5 22. Qxd6 Rxe3 23. Rae1 Qe4 1/2-1/2

[Event "Mitropa Cup 26th"]
[Site "Szeged"]
[Date "2007.05.11"]
[Round "4"]
[White "Neubauer, Martin"]
[Black "Sakelsek, Tadej"]
[Result "1/2-1/2"]
[WhiteElo "2474"]
[BlackElo "2487"]
[PlyCount "40"]
[EventDate "2007.05.08"]
[EventType "team-tourn"]
[EventRounds "9"]
[EventCountry "HUN"]
[Source "ChessBase"]
[SourceDate "2007.07.04"]

1. e4 e5 2. Nf3 Nc6 3. Bb5 a6 4. Ba4 Nf6 5. d4 exd4 6. O-O Be7 7. e5 Ne4 8.
Nxd4 Nxd4 9. Qxd4 Nc5 10. Nc3 O-O 11. Nd5 d6 12. Nxe7+ Qxe7 13. exd6 Qxd6 14.
Qxd6 cxd6 15. Bb3 Nxb3 16. axb3 Bf5 17. c3 Rfe8 18. Be3 Be6 19. b4 Bc4 20. Rfe1
Re6 1/2-1/2

[Event "Mitropa Cup 26th"]
[Site "Szeged"]
[Date "2007.05.11"]
[Round "4"]
[White "Priborsky, Ivo"]
[Black "Le Roux, Jean Pierre"]
[Result "0-1"]
[WhiteElo "2370"]
[BlackElo "2447"]
[PlyCount "102"]
[EventDate "2007.05.08"]
[EventType "team-tourn"]
[EventRounds "9"]
[EventCountry "HUN"]
[Source "ChessBase"]
[SourceDate "2007.07.04"]

1. e4 Nf6 2. e5 Nd5 3. d4 d6 4. c4 Nb6 5. exd6 exd6 6. Be2 Be7 7. Nf3 Bf5 8.
O-O O-O 9. Nc3 Bf6 10. Bf4 Nc6 11. d5 Ne7 12. Qd2 Ng6 13. Be3 Bg4 14. b3 Re8
15. Rac1 h6 16. Rfe1 Nd7 17. Nd4 Bxe2 18. Rxe2 Nc5 19. Rce1 Qd7 20. Nf3 Ne4 21.
Nxe4 Rxe4 22. Bd4 Rxe2 23. Rxe2 Qf5 24. Bxf6 Qxf6 25. Qd4 Nf4 26. Re1 Qf5 27.
Qe4 Qf6 28. g3 Ng6 29. h4 a6 30. h5 Nf8 31. Kg2 Nd7 32. Re3 Rd8 33. Qg4 b5 34.
cxb5 axb5 35. Qb4 Rb8 36. Qa5 Qd8 37. Nd4 Ne5 38. Nxb5 Ng4 39. Rf3 Qg5 40. Qxc7
Rf8 41. Qxd6 Qxh5 42. Nc7 Qh2+ 43. Kf1 Qh1+ 44. Ke2 Qb1 45. Qf4 Qc2+ 46. Ke1
Nh2 47. Re3 Qb1+ 48. Kd2 Nf1+ 49. Kc3 Qc1+ 50. Kd4 g5 51. Qe5 Nxe3 0-1

[Event "Mitropa Cup 26th"]
[Site "Szeged"]
[Date "2007.05.11"]
[Round "4"]
[White "Ruck, Robert"]
[Black "Jenni, Florian"]
[Result "1/2-1/2"]
[WhiteElo "2534"]
[BlackElo "2518"]
[PlyCount "78"]
[EventDate "2007.05.08"]
[EventType "team-tourn"]
[EventRounds "9"]
[EventCountry "HUN"]
[Source "ChessBase"]
[SourceDate "2007.07.04"]

1. d4 Nf6 2. c4 e6 3. Nf3 b6 4. a3 Ba6 5. e3 d5 6. Nbd2 Be7 7. b3 O-O 8. Bb2 c5
9. Bd3 Nc6 10. O-O cxd4 11. exd4 Rc8 12. Rc1 dxc4 13. bxc4 Qc7 14. Re1 Qf4 15.
g3 Qg4 16. Kg2 Bb7 17. h3 Qh5 18. d5 exd5 19. g4 Nxg4 20. cxd5 Qxd5 21. Be4 Qb5
22. Rb1 Nxf2 23. Kxf2 Qh5 24. Kg2 Rfe8 25. Nf1 Bh4 26. Nxh4 Qxh4 27. Bf3 Red8
28. Qe2 Nd4 29. Bxd4 Bxf3+ 30. Qxf3 Qxd4 31. Rbd1 Qc5 32. Rxd8+ Rxd8 33. Ng3 g6
34. Ne4 Qd4 35. Re2 Qd3 36. Re3 Qc2+ 37. Re2 Qd3 38. Re3 Qc2+ 39. Re2 Qd3
1/2-1/2

[Event "Mitropa Cup 26th"]
[Site "Szeged"]
[Date "2007.05.11"]
[Round "4"]
[White "Saric, Ivan"]
[Black "Meier, Georg"]
[Result "1/2-1/2"]
[WhiteElo "2463"]
[BlackElo "2506"]
[PlyCount "108"]
[EventDate "2007.05.08"]
[EventType "team-tourn"]
[EventRounds "9"]
[EventCountry "HUN"]
[Source "ChessBase"]
[SourceDate "2007.07.04"]

1. e4 e6 2. d4 d5 3. Nc3 dxe4 4. Nxe4 Nd7 5. Nf3 Ngf6 6. Bd3 c5 7. O-O Nxe4 8.
Bxe4 Nf6 9. Bg5 cxd4 10. Qe2 Qb6 11. Bxf6 gxf6 12. Rad1 Bg7 13. Nxd4 O-O 14. c3
f5 15. Bb1 Rd8 16. Rd3 Bd7 17. Rfd1 Bc6 18. Rg3 Rd5 19. Rdd3 Qc7 20. Qd2 Kh8
21. c4 Re5 22. f4 Re4 23. Rxg7 Kxg7 24. Rg3+ Kf6 25. Nxc6 Qxc6 26. Bxe4 Qxe4
27. b3 Ke7 28. Re3 Qc6 29. Qb4+ Kf6 30. Qe1 Qb6 31. Kf1 Qd4 32. Qc3 Rd8 33. Ke2
h5 34. g3 Ke7 35. Qxd4 Rxd4 36. Rf3 Kd6 37. Re3 f6 38. a3 a5 39. Rd3 Kc5 40.
Ke3 Re4+ 41. Kd2 a4 42. Kc3 axb3 43. Kxb3 h4 44. Rc3 e5 45. Rf3 h3 46. fxe5
fxe5 47. Kc3 Rxc4+ 48. Kd2 e4 49. Rxf5+ Kd4 50. Rf4 Ra4 51. Rf7 Rxa3 52. Rd7+
Ke5 53. Rxb7 Ra2+ 54. Ke3 Rxh2 1/2-1/2

[Event "Mitropa Cup 26th"]
[Site "Szeged"]
[Date "2007.05.11"]
[Round "4"]
[White "Schachinger, Mario"]
[Black "Skoberne, Jure"]
[Result "0-1"]
[WhiteElo "2249"]
[BlackElo "2440"]
[PlyCount "120"]
[EventDate "2007.05.08"]
[EventType "team-tourn"]
[EventRounds "9"]
[EventCountry "HUN"]
[Source "ChessBase"]
[SourceDate "2007.07.04"]

1. e4 c5 2. Nf3 Nc6 3. d4 cxd4 4. Nxd4 Nf6 5. Nc3 e5 6. Ndb5 d6 7. Bg5 a6 8.
Na3 b5 9. Nd5 Be7 10. Bxf6 Bxf6 11. c3 Bb7 12. Nc2 Ne7 13. Ncb4 Nxd5 14. Nxd5
O-O 15. g3 Bg5 16. Bg2 Rc8 17. O-O Rc5 18. a4 Bxd5 19. exd5 Qb6 20. Qe2 f5 21.
Kh1 Bf6 22. Rfd1 g6 23. axb5 Rxb5 24. Ra2 a5 25. Bf1 Rb3 26. Rd2 Bg5 27. Rc2
Rc8 28. f4 Bf6 29. fxe5 Bxe5 30. Qa6 Rc5 31. Qxb6 Rxb6 32. Ra4 Kg7 33. Bc4 Kf6
34. Kg2 h5 35. Ba2 Rcb5 36. b3 Rc5 37. c4 h4 38. Rf2 Kg5 39. Rf3 Rb7 40. gxh4+
Kxh4 41. Bb1 Kg5 42. Rh3 Re7 43. Ra2 Bf4 44. Bd3 Re1 45. Re2 Rd1 46. Bc2 Rc1
47. Kf3 Be5 48. Rg2+ Kf6 49. Rh6 Kf7 50. Rh7+ Bg7 51. Ke3 Kg8 52. Rh3 a4 53.
bxa4 Rxc4 54. Bd3 R1c3 55. Kd2 Rxa4 56. Rxg6 Ra2+ 57. Kd1 Kf7 58. Rg5 Bh6 59.
Rxh6 Rxd3+ 60. Ke1 Rb3 0-1

[Event "Mitropa Cup 26th"]
[Site "Szeged"]
[Date "2007.05.11"]
[Round "4"]
[White "Sebenik, Matej"]
[Black "Kreisl, Robert"]
[Result "1/2-1/2"]
[WhiteElo "2483"]
[BlackElo "2289"]
[PlyCount "65"]
[EventDate "2007.05.08"]
[EventType "team-tourn"]
[EventRounds "9"]
[EventCountry "HUN"]
[Source "ChessBase"]
[SourceDate "2007.07.04"]

1. Nf3 Nf6 2. c4 c5 3. Nc3 Nc6 4. g3 d5 5. d4 cxd4 6. Nxd4 dxc4 7. Nxc6 Qxd1+
8. Nxd1 bxc6 9. Bg2 Nd5 10. Ne3 e6 11. Nxc4 Ba6 12. b3 Rc8 13. Bd2 Be7 14. Ba5
O-O 15. Rd1 Bd8 16. Bxd8 Rfxd8 17. Rc1 c5 18. Be4 Bxc4 19. bxc4 Nf6 20. Bd3 Rb8
21. Rc3 Rb2 22. Ra3 e5 23. f3 e4 24. fxe4 Ng4 25. Rxa7 Ne5 26. O-O f6 27. Ra3
Rdb8 28. Ra5 Rd2 29. Rb5 Rxb5 30. cxb5 c4 31. Bb1 Rxe2 32. Rf2 Re1+ 33. Rf1
1/2-1/2

[Event "Mitropa Cup 26th"]
[Site "Szeged"]
[Date "2007.05.11"]
[Round "4"]
[White "Simacek, Pavel"]
[Black "Marzolo, Cyril"]
[Result "1/2-1/2"]
[WhiteElo "2495"]
[BlackElo "2459"]
[PlyCount "41"]
[EventDate "2007.05.08"]
[EventType "team-tourn"]
[EventRounds "9"]
[EventCountry "HUN"]
[Source "ChessBase"]
[SourceDate "2007.07.04"]

1. e4 e6 2. d4 d5 3. e5 c5 4. c3 Qb6 5. Nf3 Nc6 6. a3 Nh6 7. b4 cxd4 8. cxd4
Nf5 9. Bb2 Be7 10. Bd3 a5 11. Qa4 O-O 12. b5 f6 13. Bxf5 exf5 14. Nc3 Be6 15.
O-O Na7 16. Rfe1 Rfd8 17. Qb3 a4 18. Nxa4 Qxb5 19. Qxb5 Nxb5 20. exf6 Bxf6 21.
Nc5 1/2-1/2

[Event "Mitropa Cup 26th"]
[Site "Szeged"]
[Date "2007.05.11"]
[Round "4"]
[White "Wirig, Anthony"]
[Black "Bernasek, Jan"]
[Result "1/2-1/2"]
[WhiteElo "2443"]
[BlackElo "2509"]
[PlyCount "87"]
[EventDate "2007.05.08"]
[EventType "team-tourn"]
[EventRounds "9"]
[EventCountry "HUN"]
[Source "ChessBase"]
[SourceDate "2007.07.04"]

1. d4 f5 2. g3 Nf6 3. Bg2 g6 4. c4 Bg7 5. Nf3 d6 6. Nc3 O-O 7. O-O Qe8 8. d5 a5
9. Be3 Na6 10. Qd2 Bd7 11. Rfe1 Ng4 12. Bf4 Ne5 13. Nxe5 dxe5 14. Bh6 Qf7 15.
Bxg7 Qxg7 16. b3 Nc5 17. Rab1 Ra7 18. a3 a4 19. b4 Nb3 20. Qd3 b6 21. e3 e4 22.
Qc2 g5 23. Rbd1 Be8 24. g4 fxg4 25. Nxe4 Bg6 26. Qe2 Bxe4 27. Bxe4 h5 28. Bg2
Qe5 29. Qc2 Rf6 30. d6 Rxd6 31. Rxd6 Qxd6 32. Rd1 Qf6 33. Qd3 Qd6 34. Qc2 Qf6
35. Rd8+ Kg7 36. Bd5 h4 37. Qd1 Qf5 38. h3 g3 39. Rg8+ Kh6 40. Rh8+ Kg7 41.
Rg8+ Kh6 42. Rh8+ Kg7 43. Rg8+ Kh6 44. Rh8+ 1/2-1/2

[Event "Mitropa Cup 26th"]
[Site "Szeged"]
[Date "2007.05.11"]
[Round "4"]
[White "Zueger, Beat"]
[Black "Nemeth, Miklos"]
[Result "1/2-1/2"]
[WhiteElo "2415"]
[BlackElo "2413"]
[PlyCount "42"]
[EventDate "2007.05.08"]
[EventType "team-tourn"]
[EventRounds "9"]
[EventCountry "HUN"]
[Source "ChessBase"]
[SourceDate "2007.07.04"]

1. c4 e5 2. Nc3 Nf6 3. Nf3 Nc6 4. g3 d5 5. cxd5 Nxd5 6. Bg2 Nb6 7. O-O Be7 8.
a3 O-O 9. b4 Re8 10. d3 Bf8 11. Bb2 a5 12. b5 Nd4 13. Nd2 c6 14. bxc6 Nxc6 15.
Na4 Nxa4 16. Qxa4 Bd7 17. Rfc1 Ra7 18. Qc2 a4 19. Bc3 Ra6 20. Rcb1 b5 21. Qb2
Qc8 1/2-1/2

[Event "Mitropa Cup 26th"]
[Site "Szeged"]
[Date "2007.05.12"]
[Round "5"]
[White "Bernasek, Jan"]
[Black "Naumann, Alexander"]
[Result "1/2-1/2"]
[WhiteElo "2509"]
[BlackElo "2543"]
[PlyCount "31"]
[EventDate "2007.05.08"]
[EventType "team-tourn"]
[EventRounds "9"]
[EventCountry "HUN"]
[Source "ChessBase"]
[SourceDate "2007.07.04"]

1. d4 d5 2. c4 c6 3. Nc3 e5 4. cxd5 cxd5 5. e3 exd4 6. exd4 Nf6 7. Nf3 Be7 8.
h3 Bf5 9. Qb3 Nc6 10. Qxb7 Nb4 11. Bb5+ Kf8 12. O-O Rb8 13. Qxa7 Ra8 14. Qb7
Rb8 15. Qa7 Ra8 16. Qb7 1/2-1/2

[Event "Mitropa Cup 26th"]
[Site "Szeged"]
[Date "2007.05.12"]
[Round "5"]
[White "Bogner, Sebastian"]
[Black "Priborsky, Ivo"]
[Result "1-0"]
[WhiteElo "2345"]
[BlackElo "2370"]
[PlyCount "128"]
[EventDate "2007.05.08"]
[EventType "team-tourn"]
[EventRounds "9"]
[EventCountry "HUN"]
[Source "ChessBase"]
[SourceDate "2007.07.04"]

1. Nf3 Nf6 2. c4 g6 3. Nc3 Bg7 4. e4 d6 5. d4 O-O 6. Be2 e5 7. Be3 Na6 8. O-O
Ng4 9. Bg5 Qe8 10. c5 dxc5 11. Bxa6 bxa6 12. d5 Rb8 13. b3 f6 14. Bc1 Rf7 15.
h3 Nh6 16. Be3 Rd7 17. Nd2 Nf7 18. Bxc5 Bf8 19. Bxa7 Ra8 20. Be3 Bb7 21. Nc4
Bb4 22. Na4 Nd6 23. Qc2 a5 24. a3 Nxc4 25. bxc4 Bf8 26. Rfb1 Ba6 27. c5 Rdd8
28. Nc3 Rdb8 29. f3 Kg7 30. Ra2 h5 31. Rab2 Rxb2 32. Rxb2 g5 33. g4 hxg4 34.
hxg4 Kg6 35. Qh2 Kg7 36. Qc2 Be7 37. a4 Qd7 38. Qb1 Rh8 39. Rh2 Ra8 40. Kf2 Rh8
41. Rxh8 Kxh8 42. Qb8+ Kg7 43. Qa8 Bd3 44. Qxa5 Qc8 45. Qa7 Kg6 46. Kg2 Bf8 47.
Bf2 Bc2 48. Nb5 Bxe4 49. Kg3 Bxd5 50. Qxc7 Qe6 51. Nd6 e4 52. Nxe4 Bxe4 53.
fxe4 Qxe4 54. Qd7 Qe5+ 55. Kg2 Qe4+ 56. Kg1 Bxc5 57. Bxc5 Qe1+ 58. Kg2 Qe4+ 59.
Kf1 Qc4+ 60. Ke1 Qc3+ 61. Ke2 Qe5+ 62. Be3 Qh2+ 63. Kd3 Qa2 64. Bd4 Qb1+ 1-0

[Event "Mitropa Cup 26th"]
[Site "Szeged"]
[Date "2007.05.12"]
[Round "5"]
[White "Bosiocic, Marin"]
[Black "Sebenik, Matej"]
[Result "1-0"]
[WhiteElo "2484"]
[BlackElo "2483"]
[PlyCount "85"]
[EventDate "2007.05.08"]
[EventType "team-tourn"]
[EventRounds "9"]
[EventCountry "HUN"]
[Source "ChessBase"]
[SourceDate "2007.07.04"]

1. e4 e6 2. d4 d5 3. Nc3 Bb4 4. e5 Ne7 5. a3 Bxc3+ 6. bxc3 b6 7. Qg4 Kf8 8. h4
Ba6 9. h5 h6 10. Bxa6 Nxa6 11. Nf3 c5 12. O-O Rc8 13. Nh4 cxd4 14. cxd4 Rc4 15.
Be3 Qc8 16. Qf3 Ke8 17. c3 Rxc3 18. Rac1 Nb8 19. Qg4 Rg8 20. Ng6 fxg6 21. Rxc3
Qxc3 22. Rc1 Qxa3 23. Qxe6 Kd8 24. Rc8+ Nxc8 25. Qxg8+ Kc7 26. Qxg7+ Qe7 27.
Qxg6 Nc6 28. Qxh6 a5 29. Qg6 a4 30. h6 a3 31. Qc2 Kb7 32. Qa2 Qb4 33. Kh2 Qb2
34. Qxd5 a2 35. h7 a1=Q 36. h8=Q N8a7 37. e6 Qbb1 38. Qg7+ Ka6 39. e7 Qh1+ 40.
Kg3 Qag1 41. Qa2+ Na5 42. Qe2+ Nb5 43. Qh6 1-0

[Event "Mitropa Cup 26th"]
[Site "Szeged"]
[Date "2007.05.12"]
[Round "5"]
[White "Brunello, Sabino"]
[Black "Feller, Sebastien"]
[Result "1-0"]
[WhiteElo "2454"]
[BlackElo "2445"]
[PlyCount "59"]
[EventDate "2007.05.08"]
[EventType "team-tourn"]
[EventRounds "9"]
[EventCountry "HUN"]
[Source "ChessBase"]
[SourceDate "2007.07.04"]

1. e4 c5 2. Nf3 d6 3. d4 cxd4 4. Nxd4 Nf6 5. Nc3 a6 6. Be2 e5 7. Nb3 Be7 8. O-O
O-O 9. Kh1 Nc6 10. f3 Be6 11. Nd5 Bxd5 12. exd5 Nb8 13. c4 Nbd7 14. Be3 Nh5 15.
Qd2 f5 16. Na5 Rb8 17. b4 Bh4 18. g4 Nf4 19. Bxf4 exf4 20. Qxf4 Bf6 21. Rad1
Re8 22. Bd3 fxg4 23. fxg4 Ne5 24. Bf5 h6 25. Nb3 Kh8 26. c5 a5 27. bxa5 dxc5
28. Nxc5 Qxa5 29. Ne6 Qxa2 30. Bb1 1-0

[Event "Mitropa Cup 26th"]
[Site "Szeged"]
[Date "2007.05.12"]
[Round "5"]
[White "Diermair, Andreas"]
[Black "Erdos, Viktor"]
[Result "0-1"]
[WhiteElo "2385"]
[BlackElo "2518"]
[PlyCount "114"]
[EventDate "2007.05.08"]
[EventType "team-tourn"]
[EventRounds "9"]
[EventCountry "HUN"]
[Source "ChessBase"]
[SourceDate "2007.07.04"]

1. e4 e6 2. d4 d5 3. Nc3 Nf6 4. Bg5 dxe4 5. Nxe4 Be7 6. Bxf6 gxf6 7. Nf3 b6 8.
Bb5+ c6 9. Bd3 Bb7 10. Qe2 Qc7 11. c4 Nd7 12. O-O O-O-O 13. Rac1 Kb8 14. c5
bxc5 15. Nxc5 Bxc5 16. dxc5 Ne5 17. Rc3 Rd7 18. Bc2 Ng6 19. g3 Ne7 20. b4 Nd5
21. Rb3 Ka8 22. a4 h5 23. Qc4 Rg8 24. b5 Rg4 25. Qe2 cxb5 26. Qxb5 a6 27. Qe2
Qxc5 28. Be4 Nb4 29. Bxb7+ Rxb7 30. Qd2 Qd5 31. Qc3 Qc4 32. h3 Nd5 33. Qxc4
Rxc4 34. Ra3 Rb2 35. h4 a5 36. Ne1 Rbb4 37. Nd3 Rxa4 38. Rfa1 Rxa3 39. Rxa3 a4
40. Nb2 Rc2 41. Rxa4+ Kb7 42. Nd3 e5 43. Ra5 Nc7 44. Kg2 Rc3 45. Nc5+ Kb6 46.
Na4+ Kxa5 47. Nxc3 f5 48. Kf3 Kb4 49. Nd1 Nd5 50. Kg2 Kc4 51. Kf1 Kd3 52. Ke1
f4 53. gxf4 Nxf4 54. Ne3 Ke4 55. Kf1 Ng6 56. Nc4 Kf4 57. Nd6 f5 0-1

[Event "Mitropa Cup 26th"]
[Site "Szeged"]
[Date "2007.05.12"]
[Round "5"]
[White "Gaehler, Marco"]
[Black "Michalik, Peter"]
[Result "0-1"]
[WhiteElo "2223"]
[BlackElo "2311"]
[PlyCount "102"]
[EventDate "2007.05.08"]
[EventType "team-tourn"]
[EventRounds "9"]
[EventCountry "HUN"]
[Source "ChessBase"]
[SourceDate "2007.07.04"]

1. e4 e6 2. d4 d5 3. Nc3 Nf6 4. exd5 exd5 5. Bd3 Nc6 6. Nge2 Bg4 7. f3 Bh5 8.
Bg5 Be7 9. Qd2 Bg6 10. O-O-O Bxd3 11. Qxd3 Qd7 12. Bxf6 Bxf6 13. Qe3+ Ne7 14.
g4 O-O-O 15. Ng3 Bh4 16. Rhe1 f5 17. g5 Ng6 18. f4 h6 19. gxh6 Rxh6 20. Re2 Ne7
21. Rde1 Bf6 22. Qd3 Rh3 23. Rg2 Rdh8 24. Rh1 g5 25. Nce2 R8h4 26. Qd2 Rg4 27.
Rf1 Ng6 28. Ng1 Rh8 29. Nf3 Nxf4 30. Rgf2 Nh3 31. Re2 Rf4 32. Qa5 Kb8 33. Ne5
Bxe5 34. Rxe5 Rxf1+ 35. Nxf1 c6 36. Qa3 f4 37. Re7 Qc8 38. Qd6+ Ka8 39. Qe5 Rf8
40. Nd2 g4 41. Kd1 a6 42. Nb3 Nf2+ 43. Ke1 Ne4 44. Rc7 Qe8 45. Re7 Qb8 46. Rc7
Re8 47. Qg7 g3 48. hxg3 fxg3 49. Kf1 Rg8 50. Qe7 g2+ 51. Kg1 Nf2 0-1

[Event "Mitropa Cup 26th"]
[Site "Szeged"]
[Date "2007.05.12"]
[Round "5"]
[White "Godena, Michele"]
[Black "Wirig, Anthony"]
[Result "1/2-1/2"]
[WhiteElo "2558"]
[BlackElo "2443"]
[PlyCount "41"]
[EventDate "2007.05.08"]
[EventType "team-tourn"]
[EventRounds "9"]
[EventCountry "HUN"]
[Source "ChessBase"]
[SourceDate "2007.07.04"]

1. e4 c5 2. Nf3 e6 3. c3 d5 4. exd5 Qxd5 5. d4 Nf6 6. Na3 Nc6 7. Be2 cxd4 8.
Nb5 Qd8 9. Nfxd4 Nxd4 10. Nxd4 Bc5 11. O-O O-O 12. Bg5 Bxd4 13. cxd4 Bd7 14.
Bf3 Bc6 15. Bxc6 bxc6 16. Rc1 Rb8 17. b3 Rb6 18. Rc4 Rb5 19. Bxf6 Qxf6 20. Rxc6
Rd5 21. Rc4 1/2-1/2

[Event "Mitropa Cup 26th"]
[Site "Szeged"]
[Date "2007.05.12"]
[Round "5"]
[White "Jenni, Florian"]
[Black "Tibensky, Robert"]
[Result "0-1"]
[WhiteElo "2518"]
[BlackElo "2422"]
[PlyCount "118"]
[EventDate "2007.05.08"]
[EventType "team-tourn"]
[EventRounds "9"]
[EventCountry "HUN"]
[Source "ChessBase"]
[SourceDate "2007.07.04"]

1. e4 e6 2. d4 d5 3. Nc3 Nf6 4. Bg5 Bb4 5. e5 h6 6. Bd2 Bxc3 7. bxc3 Ne4 8. Qg4
Kf8 9. Bd3 Nxd2 10. Kxd2 c5 11. Nf3 c4 12. Be2 Nc6 13. a4 a6 14. h4 Rb8 15. Qf4
Qc7 16. g4 Ke8 17. Qe3 Kd8 18. Rhg1 g6 19. Nh2 Qe7 20. h5 Bd7 21. g5 hxg5 22.
Rxg5 Kc7 23. Ng4 Rxh5 24. Rxh5 gxh5 25. Nf6 b5 26. axb5 axb5 27. Bxh5 b4 28.
cxb4 Qxb4+ 29. Qc3 Qb6 30. Bxf7 Nxd4 31. Ke1 Rf8 32. Bg6 Rh8 33. Bh7 Nc6 34.
Kf1 Qc5 35. f4 Qe7 36. Qe3 Rxh7 37. Ra7+ Nxa7 38. Qxa7+ Kc6 39. Qa6+ Kc7 40.
Qa7+ Kc6 41. Qa6+ Kc5 42. c3 Bc6 43. Qa5+ Bb5 44. Nxh7 Qxh7 45. Qb4+ Kb6 46.
Qd6+ Bc6 47. Qb4+ Ka6 48. Qa3+ Kb7 49. Qb4+ Kc8 50. Qf8+ Kc7 51. Qd6+ Kb6 52.
Qb4+ Bb5 53. Qd6+ Kb7 54. Qb4 Qd7 55. Ke1 Kb6 56. Qf8 d4 57. Qb8+ Kc5 58. cxd4+
Kxd4 59. f5 exf5 0-1